000 00461nam a2200133Ia 4500
003 GCL
008 140319s9999 xx 000 0 ara d
040 _aGCL /
_cGCL
082 0 4 _a759.01
_bث ف
245 1 0 _aالفن الرومانى المجلد الثانى (التصوير)
260 _a[S.N] :
_bالهيئة المصرية العامة للكتاب ،
_c1993
300 _a623 ص
490 _aتاريخ الفن : العين تسمع والاذن ترى
_v0
999 _c30094
_d30094